<?xml version="1.0" encoding="UTF-8"?>
<record
    xmlns:xsi="http://www.w3.org/2001/XMLSchema-instance"
    xsi:schemaLocation="http://www.loc.gov/MARC21/slim http://www.loc.gov/standards/marcxml/schema/MARC21slim.xsd"
    xmlns="http://www.loc.gov/MARC21/slim">

  <leader>00888nam a2200169   4500</leader>
  <controlfield tag="003">LK-CoMWRAF</controlfield>
  <controlfield tag="005">20231214120954.0</controlfield>
  <controlfield tag="008">231214b        |||||||| |||| 00| 0 eng d</controlfield>
  <datafield tag="040" ind1=" " ind2=" ">
    <subfield code="a">LK-CoMWRAF</subfield>
    <subfield code="d">LK-CoMWRAF</subfield>
    <subfield code="e">LK-CoMWRAF</subfield>
  </datafield>
  <datafield tag="041" ind1=" " ind2=" ">
    <subfield code="a">sin</subfield>
  </datafield>
  <datafield tag="082" ind1=" " ind2=" ">
    <subfield code="a">353.46</subfield>
    <subfield code="b">SRI</subfield>
  </datafield>
  <datafield tag="245" ind1=" " ind2=" ">
    <subfield code="a">&#xDC1;&#xDCA;&#x200D;&#xDBB;&#xDD3; &#xDBD;&#xD82;&#xD9A;&#xDCF;&#xDC0;&#xDDA; &#xD85;&#xDBD;&#xDCA;&#xDBD;&#xDC3;&#xDCA; &#xDC3;&#xDC4; &#xDAF;&#xDD6;&#xDC2;&#xDAB;&#xDBA; :</subfield>
    <subfield code="b">&#xDB1;&#xDD3;&#xDAD;&#xDD2;&#xDBA; &#xDC4;&#xDCF; &#xDB1;&#xDD3;&#xDAD;&#xDD2;&#xDBA;&#xDDA; &#xD9A;&#xDCA;&#x200D;&#xDBB;&#xDD2;&#xDBA;&#xDCF;&#xD9A;&#xDCF;&#xDBB;&#xDD2;&#xDAD;&#xDCA;&#xDC0;&#xDBA; &#xDB4;&#xDD2;&#xDC5;&#xDD2;&#xDB6;&#xDB3; &#xDC0;&#xDD2;&#xDB8;&#xDBB;&#xDCA; &#xDC1;&#xDB1;&#xDBA;&#xD9A;&#xDCA; </subfield>
  </datafield>
  <datafield tag="246" ind1=" " ind2=" ">
    <subfield code="a">Sri Lankawe allas saha dhooshanaya : Neethiya ha neethiye kriyakarithwaya pilibanda wimarshanayak</subfield>
  </datafield>
  <datafield tag="260" ind1=" " ind2=" ">
    <subfield code="a">&#xD9A;&#xDDC;&#xDC5;&#xDB9; :</subfield>
    <subfield code="b">&#xDB8;&#xDCF;&#xDB1;&#xDC0; &#xDC4;&#xDD2;&#xDB8;&#xDD2;&#xD9A;&#xDB8;&#xDCA; &#xDC3;&#xDC4; &#xDC3;&#xD82;&#xDC0;&#xDBB;&#xDCA; &#xDB0;&#xDB1;&#xDBA; &#xDB4;&#xDD2;&#xDC5;&#xDD2;&#xDB6;&#xDB3; &#xDB1;&#xDD3;&#xDAD;&#xDD2;&#xDC0;&#xDDA;&#xDAF;&#xDD3; &#xDC3;&#xD82;&#xDC0;&#xDD2;&#xDB0;&#xDCF;&#xDB1;&#xDBA;</subfield>
  </datafield>
  <datafield tag="650" ind1=" " ind2=" ">
    <subfield code="a">&#xDC1;&#xDCA;&#x200D;&#xDBB;&#xDD3; &#xDBD;&#xD82;&#xD9A;&#xDCF;&#xDC0;&#xDDA; &#xD85;&#xDBD;&#xDCA;&#xDBD;&#xDC3;&#xDCA; &#xDC3;&#xDC4; &#xDAF;&#xDD6;&#xDC2;&#xDAB;&#xDBA;</subfield>
  </datafield>
  <datafield tag="942" ind1=" " ind2=" ">
    <subfield code="c">BK</subfield>
  </datafield>
  <datafield tag="952" ind1=" " ind2=" ">
    <subfield code="0">0</subfield>
    <subfield code="1">0</subfield>
    <subfield code="4">0</subfield>
    <subfield code="7">0</subfield>
    <subfield code="a">MAIN</subfield>
    <subfield code="b">MAIN</subfield>
    <subfield code="d">2023-12-14</subfield>
    <subfield code="l">0</subfield>
    <subfield code="o">353.46 SRI</subfield>
    <subfield code="p">RAF4828</subfield>
    <subfield code="r">2023-12-14</subfield>
    <subfield code="w">2023-12-14</subfield>
    <subfield code="y">BK</subfield>
  </datafield>
  <datafield tag="999" ind1=" " ind2=" ">
    <subfield code="c">4446</subfield>
    <subfield code="d">4446</subfield>
  </datafield>
</record>
